000
00276nam a22001097a 4500
082
_a
340
100
_a
Garg,Sandeep
_9
83356
245
_a
The Code Of Civil Procedure,1908 (Act 5 of 1908)
260
_a
Delhi
_b
Commercial Law Publishers
_c
2025
650
_a
LAW
942
_c
C. BOOKS
999
_c
68231
_d
68231